000 00686nam a2200265Ia 4500
008 180313s9999 xx 000 0 und d
020 _a9780545815024
050 _bLEX M876 2005
100 _aMorris, Jennifer E.
245 _aMay I please have a cookie /
245 _cby Jennifer E. Morris.
260 _aNew York, New York :
260 _bScholastic Inc.,
260 _c2005
300 _aunpaged :
300 _bcolored illustrations ;
300 _c16cm.
650 _aAlligators --
650 _aCookies --
650 _aEtiquette --
650 _xJuvenile fiction.
650 _xJuvenile literature.
650 _xJuvenile literature.
700 _aTitle.
999 _c356230
_d356230